000 00896nam0a2200265 4500
001 RU\NLR\bibl\1311823
005 20250615154208.0
010 _a978-5-7117-0137-1
_91000
021 _aRU
_b2008-88576
_95172
035 _a(NLR Aleph) 001297269
090 _a596718
_c596718
100 _a20081223d2008 |||y0rusy50 ca
101 0 _arus
102 _aRU
105 _aa |||||||||
200 1 _aМониста
_eповесть. Рассказы. Миниатюры. Стихи. Сказки
_fИса Капаев
210 _aМосква
_cГолос-Пресс
_d2008
215 _a268, [1] с.
_cил.
_d21
686 _aШ6(2=Ног)7я44{Лх-ног.470-20}
700 1 _4070
_7ca
_8rus
_aКапаев
_bИ. С.
_f1949-
_gИса Суюнович
_9234437
_3RU\NLR\AUTH\770234493
801 0 _aRU
_bNLR
_c20081223
_gRCR
801 1 _aRU
_bNLR
_c20081223
942 _cBOOK
980 _aNB